Guess The MLB Team By a One or Two Word Clue - Statistics

General Stats
  • This quiz has been taken 75 times
  • The average score is 24 of 30
Answer Stats
Hint Answer % Correct
White stockings Chicago White Sox
100%
Ones from new york New York Yankees
100%
Red stockings Boston Red Sox
95%
Beer makers Milwaukee Brewers
95%
Red birds St. Louis Cardinals
93%
Blue birds Toronto Blue Jays
93%
Black and Orange Baltimore Orioles
91%
Baby bears Chicago Cubs
91%
Identical & fraternal Minnesota Twins
91%
Large people San Francisco Giants
91%
bengals Detroit Tigers
89%
Mountain range Colorado Rockies
88%
Ones of Philadelphia Philadelphia Phillies
88%
Big fish Miami Marlins
82%
Fathers San Diego Padres
81%
Stars Houston Astros
79%
Park officers Texas Rangers
79%
Protectors Cleveland Guardians
75%
Sunshine/ Ocean animal Tampa Bay Rays
75%
Monarchs Kansas City Royals
74%
Sailors Seattle Mariners
74%
Metropolitans New York Mets
72%
Crimsons Cincinnati Reds
70%
Swashbucklers Pittsburgh Pirates
70%
Confident People Atlanta Braves
67%
Jukers Los Angeles Dodgers
65%
Country-als Washington Nationals
61%
Strong people Oakland Athletics
56%
Rhombus Behinds Arizona Diamondbacks
54%
Cherubs Los Angeles Angels
54%
No matching quizzes found
Score Distribution
Percent of People with Each Score
Percentile by Number Answered
Your Score History
You have not taken this quiz